| 000 | 00415nam a22001457a 4500 | ||
|---|---|---|---|
| 005 | 20180723164827.0 | ||
| 020 |
_a1403927391 _cRs. 395.00 (hbk) |
||
| 035 | _aB-182287, B-182286 | ||
| 037 |
_aDPL _bENG |
||
| 100 | _aMathur, B P | ||
| 245 |
_aGovernance reform for vision India / _cby B P Mathur |
||
| 260 |
_aDelhi _bMacmillan _c2005 |
||
| 300 |
_avii, 367p. _c22 cms. |
||
| 942 |
_2ddc _cEN _h354 _mMAT |
||
| 999 |
_c67621 _d67621 |
||